000 00407nam a2200169Ia 4500
005 20250508154236.0
008 008 250505s9999 xx 000 0 eng d
037 _aBooks to be hide in OPAC
040 _aFEDL
_beng
_cFEDL
041 _aeng
_2eng
084 _qFEDL
245 0 _aTimes educational supplement 1955
260 _c1955
300 _a614p.
942 _cHB
999 _c1349043
_d1349043